Less democracy, more centralism : (Record no. 20702)
[ view plain ]
| 000 -LEADER | |
|---|---|
| fixed length control field | 00886nam a22002177a 4500 |
| 003 - CONTROL NUMBER IDENTIFIER | |
| control field | OSt |
| 005 - DATE AND TIME OF LATEST TRANSACTION | |
| control field | 20260211082550.0 |
| 008 - FIXED-LENGTH DATA ELEMENTS--GENERAL INFORMATION | |
| fixed length control field | 240820b ||||| |||| 00| 0 eng d |
| 040 ## - CATALOGING SOURCE | |
| Transcribing agency | 0 |
| 082 ## - DEWEY DECIMAL CLASSIFICATION NUMBER | |
| Classification number | DPer 320.05 As421 April-December 2020 v. 28 n. 1-3 |
| 100 ## - MAIN ENTRY--PERSONAL NAME | |
| Personal name | Budi, Arya. |
| Relator term | author. |
| 9 (RLIN) | 58474 |
| 245 ## - TITLE STATEMENT | |
| Title | Less democracy, more centralism : |
| Remainder of title | the selection of candidates by Golkar and PDIP in Indonesian subnational executive elections, 2005-2020 / |
| Statement of responsibility, etc. | Arya Budi. |
| 260 ## - PUBLICATION, DISTRIBUTION, ETC. (IMPRINT) | |
| Place of publication, distribution, etc. | United Kingdom ; |
| Name of publisher, distributor, etc. | Taylor & Francis Group , |
| Date of publication, distribution, etc. | December 2020. |
| 300 ## - PHYSICAL DESCRIPTION | |
| Extent | Volume 28, pages 236-255 : |
| Other physical details | illustration ; |
| Dimensions | 26 cm. |
| 500 ## - GENERAL NOTE | |
| General note | Asian Journal of Political Science, vol. 28, no. 3, pages 236-255, December 2020. |
| 650 #0 - SUBJECT ADDED ENTRY--TOPICAL TERM | |
| Topical term or geographic name as entry element | Candidate selection. |
| 9 (RLIN) | 67023 |
| 650 #0 - SUBJECT ADDED ENTRY--TOPICAL TERM | |
| Topical term or geographic name as entry element | Indonesia. |
| 9 (RLIN) | 67014 |
| 650 #0 - SUBJECT ADDED ENTRY--TOPICAL TERM | |
| Topical term or geographic name as entry element | Intra-party politics. |
| 9 (RLIN) | 67024 |
| 700 ## - ADDED ENTRY--PERSONAL NAME | |
| Personal name | Budi, Arya. |
| Relator term | author. |
| 9 (RLIN) | 58474 |
| 942 ## - ADDED ENTRY ELEMENTS (KOHA) | |
| Source of classification or shelving scheme | Dewey Decimal Classification |
| Koha item type | Periodicals |
| Withdrawn status | Lost status | Source of classification or shelving scheme | Damaged status | Not for loan | Collection code | Home library | Current library | Date acquired | Total Checkouts | Full call number | Date last seen | Price effective from | Koha item type | Public note |
|---|---|---|---|---|---|---|---|---|---|---|---|---|---|---|
| Dewey Decimal Classification | Periodicals | UM Digos College - LIC | UM Digos College - LIC | 08/20/2024 | DPer 320.05 As421 April-December 2020 v. 28 n. 1-3 | 08/20/2024 | 08/20/2024 | Periodicals | Periodical Article |
